|
|
|
|
| LEADER |
00790nab a2200229 i 4500 |
| 001 |
misc61228 |
| 005 |
20241007095746.0 |
| 008 |
230606s1910 hu o 000 rus d |
| 040 |
|
|
|a SZTE Miscellanea Repozitórium
|b hun
|
| 041 |
|
|
|a rus
|
| 100 |
1 |
|
|a Rudnev Andrej Dimitrevič
|
| 245 |
1 |
0 |
|a O proishoždenii finnov
|h [elektronikus dokumentum] :
|b bibliografičeskaâ zametka /
|c Rudnev Andrej Dimitrevič
|
| 260 |
|
|
|a Slovo
|b S.-Peterburg
|c 1910
|
| 300 |
|
|
|a 245-247
|c 26 cm
|
| 300 |
|
|
|a [3] p.
|c 26 cm
|
| 490 |
0 |
|
|a Finlândiâ
|
| 561 |
|
|
|a Németh Gyula hagyaték
|
| 591 |
|
|
|a NOV 4943
|
| 650 |
|
4 |
|a Bölcsészettudományok
|
| 650 |
|
4 |
|a Történettudomány és régészet
|
| 695 |
|
|
|a Finnek története
|
| 856 |
4 |
0 |
|u http://misc.bibl.u-szeged.hu/61228/1/4943_nov.pdf
|z Dokumentum-elérés
|